Szczegóły MARC21

Melancholia /

003 -Nazwa inst., której nr kontr. jest w polu 001 [,]
    • @
    • Nazwa instytucji, której n kontrolny jest w polu 001
    • NUKAT
005 -DATA I CZAS OSTATNIEJ MODYFIKACJI [,]
    • @
    • pole kontrolne
    • 20241231091127.0
020 -Międzynarod. znormalizowany nr książki - ISBN [ , ]
    • a
    • Numer ISBN
    • 839003929X Find
040 -Instytucja sporządzająca opis [ , ]
    • a
    • Instytucja, która sporządziła opis (NP)
    • LUBL KUL/me
    • c
    • Instytucja, która sporządziła rekord (NP)
    • LUBL KUL/me
    • d
    • Instytucja, która zmodyfikowała rekord (P)
    • LUBL KUL/JP
    • d
    • Instytucja, która zmodyfikowała rekord (P)
    • SZCZ M/HS
    • d
    • Instytucja, która zmodyfikowała rekord (P)
    • KR U/42JCs
    • d
    • Instytucja, która zmodyfikowała rekord (P)
    • GD PAN/JMSs
942 -Rodzaj dokumentu [ , ]
    • c
    • Rodzaj dokumentu
    • Książka
100 -Hasło główne - nazwa osobowa [1, ]
    • a
    • Nazwa osobowa (NP)
    • Kępiński, Antoni
    • d
    • Daty biograficzne (NP)
    • (1918-1972).
    • 9
    • KHW
    • 83482
240 -Tytuł ujednolicony [1,0]
    • a
    • Tytuł ujednolicony
    • Melancholia
    • l
    • Język tekstu
    • (pol.)
    • 9
    • KHW
    • 83486
245 -Strefa tytułu i oznaczenia odpowiedzialności [1,0]
    • a
    • Tytuł
    • Melancholia / Find
    • c
    • Pozostałe elementy strefy tytułu i oznaczenia odpowiedzialności (NP)
    • Antoni Kępiński.
250 -Strefa wydania [ , ]
    • a
    • Oznaczenie wydania (NP)
    • Wyd. 4 popr.
260 -Strefa adresu wydawniczego [ , ]
    • a
    • Miejsce wydania (P)
    • Warszawa :
    • b
    • Nazwa wydawcy (P)
    • Wydawnictwo Sagittarius,
    • c
    • Data wydania (P)
    • 1993.
300 -Strefa opisu fizycznego [ , ]
    • a
    • Określenie formy książki i/lub objętość (NP)
    • 317, [1] s. ;
    • c
    • Format (NP)
    • 21 cm.
336 -Typ zawartości [ , ]
    • a
    • Termin opisujący typ zawartości
    • Tekst
    • b
    • Kod określający zawartość
    • txt
    • 2
    • Źródło (terminu i kodu)
    • rdacontent
337 -Typ mediów [ , ]
    • a
    • Tryb odtwarzania
    • Bez urządzenia pośredniczącego
    • b
    • Kod typu mediów
    • n
    • 2
    • Źródło (terminu i kodu)
    • rdamedia
338 -Typ/rodzaj nośnika [ , ]
    • a
    • Hasło opisujące typ nośnika
    • Wolumin
    • b
    • Kod typu nośnika
    • nc
    • 2
    • Źródło (terminu i kodu)
    • rdacarrier
504 -Uwaga dot. bibliogr. załącznikowej [ , ]
    • a
    • Uwaga dot. bibliografii załącznikowej
    • Bibliogr. s. 315-316.
504 -Uwaga dot. bibliogr. załącznikowej [ , ]
    • a
    • Uwaga dot. bibliografii załącznikowej
    • Piśmiennictwo poświęcone prof. Antoniemu Kępińskiemu s. 316.
080 -Uniwersalna Klasyfikacja Dziesiętna [ , ]
    • a
    • Symbol klasyfikacji
    • 616.89
    • 9
    • UKD
    • 4774
    • 2
    • Identyfikator wydania tablic
    • UDC-P058
    • b
    • Dopowiedzenie
    • Psychiatria. Choroby psychiczne. Psychopatologia. Psychozy. Dewiacje seksualne.
080 -Uniwersalna Klasyfikacja Dziesiętna [ , ]
    • a
    • Symbol klasyfikacji
    • :159.974
650 -Hasło przedmiotowe [ ,7]
    • a
    • Hasło przedmiotowe
    • Melancholia.
    • 2
    • Źródło terminu
    • kaba
    • 9
    • KHW
    • 118952
650 -Hasło przedmiotowe [ ,7]
    • a
    • Hasło przedmiotowe
    • Depresja nerwowa.
    • 2
    • Źródło terminu
    • kaba
    • 9
    • KHW
    • 105906
650 -Hasło przedmiotowe [ ,7]
    • a
    • Hasło przedmiotowe
    • Zaburzenia emocjonalne.
    • 2
    • Źródło terminu
    • kaba
    • 9
    • KHW
    • 137194
980 -Symbol UKD [ , ]
    • a
    • UKD
    • 616.89:159.974
920 -ISBN [ , ]
    • a
    • ISBN
    • 83-900392-9-X Find
Numer inwentarzowy Status udost. Data inwentaryzacji Lokalizacja
Pd.741811994-11-14BG